[Event "AUS-ch Major"]
[Site "Cammeray"]
[Date "2010.01.12"]
[Round "10"]
[White "Haron, Greg"]
[Black "Selnes, Hamish"]
[Result "1-0"]
[WhiteElo "2058"]
[BlackElo "1726"]
[PlyCount "65"]
[EventDate "2010.01.02"]
[EventType "swiss"]
[EventRounds "11"]
[EventCountry "AUS"]
[SourceTitle "EXT 2011"]
[Source "ChessBase"]
[SourceDate "2010.11.26"]
[SourceVersion "1"]
[SourceVersionDate "2010.11.26"]
[SourceQuality "1"]

1. c4 e6 2. d4 f5 3. g3 Nf6 4. Bg2 d5 5. Nc3 c6 6. Nf3 Bd6 7. 0-0 0-0 8. Qd3 Ne4 9. Nd2 Nd7 10. f3 Nxc3 11. bxc3 f4 12. gxf4 Bxf4 13. e3 Bc7 14. f4 Rf6 15. Nf3 b6 16. cxd5 exd5 17. Ne5 Nxe5 18. dxe5 Rh6 19. e4 Qe8 20. exd5 Qh5 21. h3 Rg6 22. f5 Rxg2+ 23. Kxg2 Bxe5 24. dxc6 Bc7 25. Qd5+ Kh8 26. Qf3 Qh4 27. Bf4 Bxf5 28. Rae1 Bxf4 29. Qxf4 Qxh3+ 30. Kg1 g6 31. Re7 Qxc3 32. Rc1 Qa3 33. Qe5+ 1-0

[Event "AUS-ch Major"]
[Site "Cammeray"]
[Date "2010.01.10"]
[Round "8"]
[White "Alkin, John"]
[Black "Haron, Greg"]
[Result "0-1"]
[WhiteElo "1632"]
[BlackElo "2058"]
[PlyCount "52"]
[EventDate "2010.01.02"]
[EventType "swiss"]
[EventRounds "11"]
[EventCountry "AUS"]
[SourceTitle "EXT 2011"]
[Source "ChessBase"]
[SourceDate "2010.11.26"]
[SourceVersion "1"]
[SourceVersionDate "2010.11.26"]
[SourceQuality "1"]

1. d4 Nf6 2. c4 e6 3. Nc3 Bb4 4. e3 0-0 5. Nge2 d5 6. a3 Be7 7. Nf4 b6 8. Bd3 Bb7 9. 0-0 Nbd7 10. f3 c5 11. Nfe2 Rc8 12. cxd5 exd5 13. Ng3 Re8 14. Nf5 Bf8 15. Nb5 Rc6 16. Nxa7 Rce6 17. Nb5 g6 18. Ng3 Bh6 19. e4 Bxc1 20. Rxc1 dxe4 21. fxe4 Nxe4 22. Nxe4 Bxe4 23. Bc4 Qg5 24. Qe2 Bd5 25. Qc2 Re2 26. Bxd5 Qxd5 0-1

[Event "AUS-ch Major"]
[Site "Cammeray"]
[Date "2010.01.08"]
[Round "6"]
[White "Tionko, Efrain"]
[Black "Haron, Greg"]
[Result "1-0"]
[WhiteElo "1735"]
[BlackElo "2058"]
[PlyCount "58"]
[EventDate "2010.01.02"]
[EventType "swiss"]
[EventRounds "11"]
[EventCountry "AUS"]
[SourceTitle "EXT 2011"]
[Source "ChessBase"]
[SourceDate "2010.11.26"]
[SourceVersion "1"]
[SourceVersionDate "2010.11.26"]
[SourceQuality "1"]

1. e4 c5 2. Nc3 Nc6 3. Bb5 Nd4 4. Bc4 e6 5. Nf3 Nxf3+ 6. Qxf3 Ne7 7. d3 Nc6 8. Be3 a6 9. 0-0 Nd4 10. Bxd4 cxd4 11. Ne2 Qb6 12. Bb3 Be7 13. Qg4 Bf6 14. f4 d6 15. Ng3 g6 16. Rae1 Qc7 17. e5 dxe5 18. Ne4 Bg7 19. fxe5 Bxe5 20. Ng5 Bxh2+ 21. Kh1 Qg3 22. Qxd4 e5 23. Bxf7+ Kf8 24. Qd6+ Kg7 25. Qf6+ Kh6 26. Nf3 Bd7 27. Nxh2 Bc6 28. Qf2 Qg5 29. Nf3 Raf8 1-0